[Event "Milan Repubblica op"]
[Site "Milan"]
[Date "2012.06.01"]
[Round "2"]
[White "Franceschetti, Nando"]
[Black "Motola, Jacopo"]
[Result "0-1"]
[WhiteElo "1842"]
[BlackElo "1937"]
[PlyCount "86"]
[EventDate "2012.05.31"]
[EventType "swiss"]
[EventRounds "6"]
[EventCountry "ITA"]
[SourceTitle "EXT 2015"]
[Source "ChessBase"]
[SourceDate "2014.11.20"]
[SourceVersion "1"]
[SourceVersionDate "2014.11.20"]
[SourceQuality "1"]

1. d4 Nf6 2. Nc3 d5 3. e4 e6 4. e5 Nfd7 5. Nf3 c5 6. Ne2 Nc6 7. c3 Qb6 8. g3 cxd4 9. cxd4 Bb4+ 10. Nc3 f6 11. Bh3 fxe5 12. Bxe6 exd4 13. a3 dxc3 14. axb4 cxb2 15. Bxb2 Qxb4+ 16. Qd2 Qxd2+ 17. Kxd2 Nf6 18. Bxf6 gxf6 19. Bxd5 Bd7 20. Rhe1+ Kd8 21. Rab1 Rb8 22. Re3 Re8 23. Reb3 Kc7 24. Rc1 Bg4 25. Nd4 Rbd8 26. Nb5+ Kb8 27. Nc3 Bf3 28. Rb5 Re5 29. Re1 Rexd5+ 30. Nxd5 Rxd5+ 31. Rxd5 Bxd5 32. Re8+ Kc7 33. Rf8 b5 34. Rxf6 a5 35. Rf5 Kd6 36. Rh5 b4 37. Rxh7 a4 38. Rb7 a3 39. Kc1 Kc5 40. Kb1 Kc4 41. h4 Kb3 42. Rd7 a2+ 43. Ka1 Nd4 0-1

[Event "Milan Repubblica op"]
[Site "Milan"]
[Date "2012.05.31"]
[Round "1"]
[White "Pierandrei, Cristiano"]
[Black "Franceschetti, Nando"]
[Result "1-0"]
[WhiteElo "1955"]
[BlackElo "1842"]
[PlyCount "143"]
[EventDate "2012.05.31"]
[EventType "swiss"]
[EventRounds "6"]
[EventCountry "ITA"]
[SourceTitle "EXT 2015"]
[Source "ChessBase"]
[SourceDate "2014.11.20"]
[SourceVersion "1"]
[SourceVersionDate "2014.11.20"]
[SourceQuality "1"]

1. Nf3 Nf6 2. c4 e6 3. g3 c6 4. d4 d5 5. Qc2 Be7 6. Bg2 Nbd7 7. 0-0 0-0 8. Nbd2 Rb8 9. e4 dxe4 10. Nxe4 Nxe4 11. Qxe4 Nf6 12. Qc2 Bd7 13. Bf4 Rc8 14. Qa4 a5 15. c5 Nd5 16. Bd2 Ra8 17. h4 h6 18. Ne5 Nf6 19. Rfd1 Be8 20. Be3 Nd5 21. Qc4 f6 22. Nd3 Bh5 23. Re1 Bf7 24. Qc1 Re8 25. Bd2 Bf8 26. Qd1 Qd7 27. h5 Nc7 28. Qg4 Kh8 29. Rad1 a4 30. a3 Nb5 31. Bc3 Nxc3 32. bxc3 Qc7 33. f4 Qa5 34. Rc1 Rad8 35. Re3 Qb5 36. Qe2 Qb3 37. Ne5 fxe5 38. c4 Bxh5 39. Bf3 Qxe3+ 40. Qxe3 exd4 41. Qd3 Bxf3 42. Qxf3 d3 43. Rd1 Bxc5+ 44. Kg2 d2 45. Qc3 Be7 46. Qb2 Rd3 47. Qxb7 Bxa3 48. Qxc6 Red8 49. Qxa4 Re3 50. Qa5 Rdd3 51. Rxd2 Rxg3+ 52. Kf1 Rdf3+ 53. Rf2 Rb3 54. Qa8+ Kh7 55. Qe4+ Kh8 56. Rg2 Rbf3+ 57. Ke2 Re3+ 58. Qxe3 Rxe3+ 59. Kxe3 Bc5+ 60. Ke4 Kg8 61. Ke5 Kf7 62. Rb2 Be3 63. Rb7+ Kg6 64. Re7 h5 65. Rxe6+ Kf7 66. f5 h4 67. Kd5 Bf2 68. Ke4 Bc5 69. Kf3 Bb4 70. Kg4 Bd2 71. Kxh4 g5+ 72. Kg4 1-0

[Event "Lombardia Region-ch"]
[Site "Solaro"]
[Date "2010.05.29"]
[Round "3"]
[White "Giovarruscio, Gabriele"]
[Black "Franceschetti, Nando"]
[Result "1-0"]
[WhiteElo "1670"]
[BlackElo "1872"]
[PlyCount "102"]
[EventDate "2010.05.28"]
[EventType "swiss"]
[EventRounds "5"]
[EventCountry "ITA"]
[SourceTitle "EXT 2024"]
[Source "ChessBase"]
[SourceDate "2023.10.10"]
[SourceVersion "1"]
[SourceVersionDate "2023.10.10"]
[SourceQuality "1"]

1. Nf3 Nf6 2. c4 d6 3. g3 g6 4. Bg2 Bg7 5. 0-0 0-0 6. d4 c6 7. Nc3 Nbd7 8. Qc2 Qc7 9. Rd1 e5 10. dxe5 dxe5 11. b3 Re8 12. Bb2 Nc5 13. e4 Bg4 14. h3 Bxf3 15. Bxf3 Ne6 16. Ne2 Rad8 17. b4 Ng5 18. Bg2 h6 19. a3 a6 20. c5 Qc8 21. h4 Ngh7 22. Rxd8 Qxd8 23. Rd1 Qc7 24. f3 Qe7 25. Bh3 g5 26. h5 Nxh5 27. Rd7 Qf6 28. Bg4 Nxg3 29. Nxg3 Qf4 30. Nf5 Nf6 31. Bc1 Qxg4+ 32. fxg4 Nxd7 33. Nd6 Re6 34. Nxb7 Nf8 35. Qd2 Ng6 36. Qd8+ Kh7 37. Nd6 Rf6 38. Ne8 Rf3 39. Nxg7 Kxg7 40. Qd7 Rc3 41. Bd2 Rxa3 42. Qxc6 Nh4 43. Kf2 Ra2 44. Qd6 Ra3 45. Qxe5+ Kg8 46. Bc3 Ra2+ 47. Bb2 Kf8 48. Kg3 Ng6 49. Qg7+ Ke8 50. c6 h5 51. gxh5 Nf4 1-0

[Event "Ceriano Laghetto op-B 15th"]
[Site "Ceriano Laghetto"]
[Date "2006.03.31"]
[Round "1"]
[White "Scarpellini, Felice"]
[Black "Franceschetti, Nando"]
[Result "1-0"]
[WhiteElo "1941"]
[BlackElo "1733"]
[PlyCount "82"]
[EventDate "2006.03.31"]
[EventType "swiss"]
[EventRounds "5"]
[EventCountry "ITA"]
[SourceTitle "EXT 2011"]
[Source "ChessBase"]
[SourceDate "2010.11.26"]
[SourceVersion "1"]
[SourceVersionDate "2010.11.26"]
[SourceQuality "1"]

1. c4 Nf6 2. Nc3 e5 3. g3 c6 4. Bg2 d6 5. Nf3 Nbd7 6. 0-0 Be7 7. d4 0-0 8. e4 Re8 9. d5 Nc5 10. Qc2 a5 11. Bg5 Na6 12. a3 Nxd5 13. cxd5 Bxg5 14. Nxg5 Qxg5 15. Na4 c5 16. Nb6 Ra7 17. Nc4 Qd8 18. Qa4 b6 19. Nxd6 Bd7 20. Qc2 Rf8 21. Nc4 f6 22. f4 Bb5 23. fxe5 Bxc4 24. Qxc4 fxe5 25. Rxf8+ Qxf8 26. Rf1 Qd6 27. Bh3 Nc7 28. Qe2 Ra8 29. Qf3 Rf8 30. Qg4 Rxf1+ 31. Bxf1 Ne8 32. Qc8 Qf8 33. Bh3 g6 34. Be6+ Kg7 35. Qd7+ Kh6 36. Qd8 Kg7 37. Qb8 Nd6 38. Qc7+ Kh6 39. Bg8 Qxg8 40. Qxd6 Qf7 41. Qxe5 Qf3 1-0